000 00317nam a2200145Ia 4500
100 _aBackhurst / nigel
942 _cBK
654 _aC tutorial
245 _aC tutorial turbo C
260 _bGalgotia Publications
_aDelhi
_c1991
082 _a001.6424TCc
_bBAC
300 _a300
546 _aENGLISH
999 _c19947
_d19947